Statistics for Top 10 Armenia's Eurovision entries

Click here to take the quiz!

General Stats

  • This quiz has been taken 3 times
  • The average score is 5 of 10

Answer Stats

HintAnswer% Correct
4º (174 pt.)Not Alone (2014)
100%
7º (141 pt.)Apricot Stone (2010)
67%
10ºJan Jan (2009)
67%
7º (249 pt.)LoveWave (2016)
67%
4º (199 pt.)Qelé, qelé (2008)
67%
8º (138 pt.)Anytime You Need (2007)
33%
16ºFace the Shadow (2015)
33%
18º (79 pt.)Fly with Me (2017)
33%
14ºFuture Lover (2023)
33%
8º (129 pt.)Without Your Love (2006)
33%

Score Distribution

Percentile by Number Answered

Percent of People with Each Score

Your Score History

You have not taken this quiz